000 01179nam a2200193Ia 4500
020 _a9251052336
040 _cFQG
082 _a362 FAO 2004 AO42 Or.
100 1 _aBurgess, Ann.
245 1 0 _aFamily nutrition guide /
300 _axi, 112 pages :
_billustrations ;
_c25 cm
500 _aThis guide aims to improve the feeding and nutrition of families in developing countries. It is primarily written for health workers, nutritionists, agricultural extensionists or other development workers who design nutrition education materials and activities and work with people at community level. It should also be useful to mothers or other caregivers who want to know more about family feeding, as well as anyone training health staff and other community-level workers. Topics cover basic nutrition, family food security, meal planning, food hygiene and the special feeding needs of children, women and men, and old, sick and malnourished people
500 _a"TC/M/Y5740E/1/11.04/3300"--P. [4] of cover
650 0 _aNutrition
650 0 _aMalnutrition
700 1 _aGlasauer, Peter.
710 2 _aFood and Agriculture Organization of the United Nations.
942 _cAEDBB
999 _c20845
_d20845